[Event "Mittelrhein Verbandsliga-W 1112"]
[Site "Germany"]
[Date "2012.04.15"]
[Round "9.6"]
[White "Rossberg, Robert"]
[Black "Nyssen, Michael"]
[Result "1-0"]
[WhiteElo "1903"]
[BlackElo "1756"]
[PlyCount "113"]
[EventDate "2011.09.18"]
[EventType "team-tourn"]
[EventRounds "11"]
[EventCountry "GER"]
[SourceTitle "EXT 2013"]
[Source "ChessBase"]
[SourceDate "2012.11.22"]
[SourceVersion "1"]
[SourceVersionDate "2012.11.22"]
[SourceQuality "1"]
[WhiteTeam "Brauweiler Rochade"]
[BlackTeam "Arminia Eilendorf"]
[WhiteTeamCountry "GER"]
[BlackTeamCountry "GER"]

1. Nf3 Nf6 2. b3 d5 3. Bb2 c5 4. e3 Nc6 5. Bb5 Bd7 6. 0-0 a6 7. Bxc6 Bxc6 8. Ne5 g6 9. d3 Bg7 10. Nd2 0-0 11. Nxc6 bxc6 12. f4 e6 13. Qe2 Re8 14. Nf3 Qc7 15. Be5 Qe7 16. e4 Nd7 17. Bxg7 Kxg7 18. e5 a5 19. a4 Nb6 20. c4 Rab8 21. Qc2 Rb7 22. Rab1 Reb8 23. Nd2 Nd7 24. Rf3 Rb4 25. Rbf1 f5 26. exf6+ Qxf6 27. Re1 Re8 28. g3 Re7 29. Rfe3 Rb8 30. Nf3 h6 31. Ne5 Nxe5 32. fxe5 Qf8 33. cxd5 cxd5 34. Rf1 Rf7 35. Rxf7+ Qxf7 36. Re2 Rf8 37. Rf2 Qxf2+ 38. Qxf2 Rxf2 39. Kxf2 g5 40. g4 Kg6 41. d4 cxd4 42. Ke2 Kf7 43. Kd3 Ke7 44. Kxd4 Kd7 45. Kc5 Kc7 46. Kb5 Kb7 47. Kxa5 Kc6 48. Kb4 Kb6 49. a5+ Ka6 50. h3 Ka7 51. Kc5 Kb7 52. b4 Ka6 53. b5+ Kb7 54. b6 Kc8 55. a6 Kb8 56. Kc6 d4 57. a7+ 1-0

[Event "Mittelrhein Verbandsliga-W 1112"]
[Site "Germany"]
[Date "2012.02.26"]
[Round "7.7"]
[White "Miethke, Lothar"]
[Black "Nyssen, Michael"]
[Result "1-0"]
[WhiteElo "1801"]
[BlackElo "1756"]
[PlyCount "73"]
[EventDate "2011.09.18"]
[EventType "team-tourn"]
[EventRounds "11"]
[EventCountry "GER"]
[SourceTitle "EXT 2013"]
[Source "ChessBase"]
[SourceDate "2012.11.22"]
[SourceVersion "1"]
[SourceVersionDate "2012.11.22"]
[SourceQuality "1"]
[WhiteTeam "Aachen PTSV"]
[BlackTeam "Arminia Eilendorf"]
[WhiteTeamCountry "GER"]
[BlackTeamCountry "GER"]

1. e4 c5 2. c3 d5 3. exd5 Nf6 4. c4 g6 5. Nc3 Bg7 6. Nf3 0-0 7. Be2 e6 8. dxe6 Bxe6 9. 0-0 Nc6 10. d3 a6 11. Bg5 Qc7 12. a3 Rad8 13. Qc1 Ne5 14. Rd1 Rd7 15. Bf4 Nxf3+ 16. Bxf3 Qb6 17. Be3 Qc7 18. Rb1 Rfd8 19. Qc2 Ng4 20. Bxg4 Bxg4 21. f3 Bf5 22. Nd5 Qd6 23. Qf2 Qc6 24. Bxc5 Rxd5 25. cxd5 Rxd5 26. b4 Qa4 27. Qe3 a5 28. h3 axb4 29. axb4 Qb5 30. Kh2 h6 31. Rbc1 Bxd3 32. Rd2 Bc4 33. Rxd5 Bxd5 34. Bd4 Bxd4 35. Qxd4 Be6 36. Rd1 h5 37. Qf6 1-0